000 00290nam a22001337a 4500
020 _a81-87834-73-0
082 _a001
_bPOR/G
100 _aPORTRAIT
245 _aGREAT TEMPLES
260 _aCHENNAI
_bSEASONS PUBLISHING
300 _a120
650 _aHISTORIC WONDERS
_zCHENNAI
942 _cBK
999 _c6352
_d6352